The Financial Times guide to business start up 2012 / (Record no. 20191)
[ view plain ]
| 000 -LEADER | |
|---|---|
| fixed length control field | 01099cam a22003015a 4500 |
| 001 - CONTROL NUMBER | |
| control field | 17312386 |
| 005 - DATE AND TIME OF LATEST TRANSACTION | |
| control field | 20160118112858.0 |
| 008 - FIXED-LENGTH DATA ELEMENTS--GENERAL INFORMATION | |
| fixed length control field | 120521s2011 enka frb 001 0 eng d |
| 020 ## - INTERNATIONAL STANDARD BOOK NUMBER | |
| International Standard Book Number | 9780273761990 |
| 040 ## - CATALOGING SOURCE | |
| Original cataloging agency | UKM |
| Transcribing agency | UKM |
| Modifying agency | EG-ScBUE |
| Language of cataloging | eng |
| 082 04 - DEWEY DECIMAL CLASSIFICATION NUMBER | |
| Classification number | 658.110941 |
| Edition number | 22 |
| Item number | WIL |
| 100 1# - MAIN ENTRY--PERSONAL NAME | |
| Personal name | Williams, Sara, |
| Dates associated with a name | 1947- |
| 9 (RLIN) | 39070 |
| 245 14 - TITLE STATEMENT | |
| Title | The Financial Times guide to business start up 2012 / |
| Statement of responsibility, etc | Sara Williams. |
| 246 30 - VARYING FORM OF TITLE | |
| Title proper/short title | Guide to business start up 2012 |
| 250 ## - EDITION STATEMENT | |
| Edition statement | 25th ed. |
| 260 ## - PUBLICATION, DISTRIBUTION, ETC. (IMPRINT) | |
| Place of publication, distribution, etc | Harlow : |
| Name of publisher, distributor, etc | Financial times / Prentice Hall / Pearson Education Limited, |
| Date of publication, distribution, etc | 2011. |
| 300 ## - PHYSICAL DESCRIPTION | |
| Extent | vi, 464 p. : |
| Other physical details | ill. ; |
| Dimensions | 24 cm. |
| 490 0# - SERIES STATEMENT | |
| Series statement | Financial Times guides |
| 500 ## - GENERAL NOTE | |
| General note | "The most comprehensive annually updated guide for entrepreneurs"--Cover. |
| 500 ## - GENERAL NOTE | |
| General note | Index : p. 458-464. |
| 504 ## - BIBLIOGRAPHY, ETC. NOTE | |
| Bibliography, etc | Includes bibliographical references. |
| 650 #7 - SUBJECT ADDED ENTRY--TOPICAL TERM | |
| Topical term or geographic name as entry element | Small business |
| Geographic subdivision | Great Britain |
| General subdivision | Management. |
| Source of heading or term | BUEsh |
| 9 (RLIN) | 39071 |
| 650 #7 - SUBJECT ADDED ENTRY--TOPICAL TERM | |
| Topical term or geographic name as entry element | New business enterprises |
| Geographic subdivision | Great Britain. |
| Source of heading or term | BUEsh |
| 9 (RLIN) | 29548 |
| 651 ## - SUBJECT ADDED ENTRY--GEOGRAPHIC NAME | |
| Source of heading or term | BUEsh |
| 653 ## - INDEX TERM--UNCONTROLLED | |
| Resource For college | BAEPS, Business Administration |
| Arrived date list | July2015 |
| -- | January2016 |
| 710 2# - ADDED ENTRY--CORPORATE NAME | |
| Corporate name or jurisdiction name as entry element | Financial Times Limited. |
| 942 ## - ADDED ENTRY ELEMENTS (KOHA) | |
| Source of classification or shelving scheme | Dewey Decimal Classification |
| Withdrawn status | Lost status | Source of classification or shelving scheme | Damaged status | Not for loan | Koha collection | Home library | Current library | Shelving location | Date acquired | Source of acquisition | Cost, normal purchase price | Serial Enumeration / chronology | Total Checkouts | Total Renewals | Full call number | Barcode | Date last seen | Date last borrowed | Cost, replacement price | Koha item type |
|---|---|---|---|---|---|---|---|---|---|---|---|---|---|---|---|---|---|---|---|---|
| Dewey Decimal Classification | Baccah | Central Library | Central Library | First floor | 05/07/2015 | Purchase | 213.00 | 22353 | 2 | 5 | 658.110941 WIL | 000039406 | 15/07/2025 | 22/03/2018 | 266.00 | Book - Borrowing |